<?xml version="1.0" encoding="UTF-8"?>
<record
    xmlns:xsi="http://www.w3.org/2001/XMLSchema-instance"
    xsi:schemaLocation="http://www.loc.gov/MARC21/slim http://www.loc.gov/standards/marcxml/schema/MARC21slim.xsd"
    xmlns="http://www.loc.gov/MARC21/slim">

  <leader>00906nam a22001577a 4500</leader>
  <datafield tag="999" ind1=" " ind2=" ">
    <subfield code="c">27422</subfield>
    <subfield code="d">27422</subfield>
  </datafield>
  <datafield tag="020" ind1=" " ind2=" ">
    <subfield code="a">9781442259782 (cloth : alk. paper)</subfield>
  </datafield>
  <datafield tag="082" ind1="0" ind2="0">
    <subfield code="a">929.40019</subfield>
    <subfield code="b">HIM-P</subfield>
  </datafield>
  <datafield tag="100" ind1="1" ind2=" ">
    <subfield code="a">Himes, Mavis</subfield>
  </datafield>
  <datafield tag="245" ind1="1" ind2="4">
    <subfield code="a">The power of names :</subfield>
    <subfield code="b">uncovering the mystery of what we are called /</subfield>
    <subfield code="c">Mavis Himes.</subfield>
  </datafield>
  <datafield tag="260" ind1=" " ind2=" ">
    <subfield code="a">London:</subfield>
    <subfield code="b">Rowman and Littlefield,</subfield>
    <subfield code="c">2016</subfield>
  </datafield>
  <datafield tag="300" ind1=" " ind2=" ">
    <subfield code="a">xii, 225 pages. </subfield>
  </datafield>
  <datafield tag="520" ind1=" " ind2=" ">
    <subfield code="a">In The Power of Names, Mavis Himes explores both the profound ambivalence that many of us feel toward our names and the conscious and unconscious impact our names have on our lives, sometimes for good and sometimes for ill. She explores such questions as: What do our names mean? How do they influence our destiny? What does it mean to lose or change our name - and what does this reveal or conceal about who we are?</subfield>
  </datafield>
  <datafield tag="650" ind1=" " ind2="0">
    <subfield code="a">Names, Personal</subfield>
    <subfield code="x">Psychological aspects.</subfield>
  </datafield>
  <datafield tag="650" ind1=" " ind2="0">
    <subfield code="a">Identity (Psychology)</subfield>
  </datafield>
  <datafield tag="942" ind1=" " ind2=" ">
    <subfield code="2">ddc</subfield>
    <subfield code="c">BK</subfield>
  </datafield>
  <datafield tag="952" ind1=" " ind2=" ">
    <subfield code="0">0</subfield>
    <subfield code="1">0</subfield>
    <subfield code="4">0</subfield>
    <subfield code="7">0</subfield>
    <subfield code="a">NASSDOC</subfield>
    <subfield code="b">NASSDOC</subfield>
    <subfield code="d">2022-03-09</subfield>
    <subfield code="e">7</subfield>
    <subfield code="g">2242.56</subfield>
    <subfield code="l">0</subfield>
    <subfield code="o">929.40019 HIM-P</subfield>
    <subfield code="p">52103</subfield>
    <subfield code="r">2022-03-10 00:00:00</subfield>
    <subfield code="v">3072.00</subfield>
    <subfield code="w">2022-03-10</subfield>
    <subfield code="y">BK</subfield>
  </datafield>
</record>
